00906nam a2200193 a 450000100100000000500170001000800410002702000180006804000250008610000350011124500860014626000520023230000210028450000630030595201110036895201050047995201110058499900170069500003786820201002031128.0130307d2012 dr 000 0 spa d a9789945860559 aDO-SdBNPbspacBNPHU1 aTejada M. José Miguel96431513aLa reconciliación :blibro de reflexiones bíblicas /cJosé Miguel Tejada M. aSanto Domingo :bPublicaciones Libertad,c2012. a128 p. ;c21 cm. aIncluye datos biográficos del autor en la contracubierta 0010718DSaGRbGRcCTd2013-03-07iLF1l0o p37868-30r2020-06-25te. 3w2020-06-25yLFDSZNo se presta 0010718PDaPDbPDcCTd2013-03-07iLF1l0o p37868-10r2020-06-25w2020-06-25yLFPDZNo se presta 0010718PDaPDbPDcCTd2013-03-07iLF1l0o p37868-20r2020-06-25te. 2w2020-06-25yLFPDZNo se presta c37358d37358